Capitals of European Countries in 1914 - Statistics

General Stats
  • This quiz has been taken 61 times
  • The average score is 19 of 26
Answer Stats
Hint Answer % Correct
UK London
90%
Spain Madrid
90%
France Paris
90%
Italy Rome
90%
Netherlands Amsterdam
88%
Greece Athens
88%
Germany Berlin
88%
Portugal Lisbon
88%
Luxembourg Luxembourg
86%
Sweden Stockholm
86%
Romania Bucharest
84%
Monaco Monaco
84%
Norway Oslo
84%
San Marino San Marino
84%
Russia St. Petersburg
84%
Serbia Belgrade
82%
Ottomans Constantinople
82%
Denmark Copenhagen
82%
Bulgaria Sofia
82%
Switzerland Bern
80%
Albania Tirana
78%
Liechtenstein Vaduz
76%
Austria-Hungary Wien
33%
Belgium Bruxelles
20%
Andorra La Vella
10%
Montenegro Cetine
2%
No matching quizzes found
Score Distribution
Percent of People with Each Score
Percentile by Number Answered
Your Score History
You have not taken this quiz